Prénoms masculins les plus donnés en 2000 - Statistiques

Statistiques générales
  • Ce quiz a été pris 870 fois
  • Le résultat moyen est 60 sur 100
Statistiques - réponses
Hint Réponse % Correct
T Thomas
96%
P Paul
94%
J Julien
93%
A Alex
91%
L Lucas
90%
T Théo
89%
J Jules
88%
K Kévin
88%
L Louis
87%
M Maxime
87%
Q Quentin
87%
A Alexandre
86%
A Antoine
85%
P Pierre
85%
V Valentin
85%
H Hugo
84%
T Tom
84%
R Romain
82%
C Clément
80%
N Nathan
80%
N Nicolas
80%
V Victor
79%
M Mathis
78%
A Alexis
77%
M Mathieu
75%
B Baptiste
74%
J Jean
73%
Y Yann
73%
A Arthur
72%
D Damien
72%
F Florian
72%
M Mathéo
72%
G Gabriel
71%
A Anthony
70%
W William
70%
C Charles
69%
D David
69%
R Raphaël
69%
B Bastien
68%
E Enzo
68%
A Adrien
67%
B Benjamin
67%
J Jérémy
67%
C Corentin
66%
G Guillaume
65%
N Noé
65%
A Axel
64%
K Kylian
62%
M Maxence
62%
S Simon
62%
T Thibault
61%
Y Yanis
61%
M Martin
60%
S Samuel
59%
D Dylan
58%
F Florent
58%
M Marc
58%
F Fabien
56%
M Mattéo
56%
S Sébastien
55%
M Mathias
54%
M Maël
53%
G Gabin
52%
J Jonathan
52%
E Evan
51%
M Matthieu
51%
R Rémi
51%
A Aurélien
50%
J Jordan
50%
T Timéo
50%
S Sacha
48%
Y Yohan
48%
A Adam
47%
B Benoit
47%
G Grégory
47%
R Robin
47%
L Loïc
45%
E Etienne
44%
A Antonin
42%
E Émile
42%
G Gaëtan
41%
C Cédric
38%
K Killian
38%
L Lilian
35%
E Erwan
34%
D Dimitri
32%
A Alban
31%
L Ludovic
31%
M Michael
31%
R Ryan
31%
B Bryan
30%
T Tony
25%
A Allan
24%
J Julian
24%
C Cyril
23%
F Félix
23%
J Jason
21%
T Téo
21%
E Elie
16%
G Gauthier
12%
Aucun quiz correspondant
Distribution des résultats
% des personnes avec chaque résultat
Percentile par nombre de réponses
Votre historique - résultats
Vous n’avez pas pris ce quiz